ICMT'10 - IDEB'10 medzinárodná konferencia pre vojenskú techniku 2010 : medzinárodná konferencia pre špeciálnu techniku 2010, Bratislava, 5. máj 2010, elektronický zborník prednášok
| Corporate Authors: | , |
|---|---|
| Other Authors: | |
| Format: | Conference Proceeding Software eBook |
| Language: | Slovak English Czech |
| PhysicalDescription: | 1 elektronický optický disk (CD-ROM) fotogr., grafy, sch., tab. 12 cm Vydané aj v tlačenej forme |
| Published: |
Trenčín
Trenčianska univerzita Alexandra Dubčeka, Fakulta špeciálnej techniky
2010
|
| ISBN: | 9788080754549 |
| Edition: | [1. vyd.] |
| Subjects: |
MARC
| LEADER | 00000nam a2200000 a 4500 | ||
|---|---|---|---|
| 001 | vtls010204001 | ||
| 003 | SK-MaSNL | ||
| 005 | 20260301213240.0 | ||
| 007 | co cg auuua | ||
| 008 | 180809s2010 xo daolfs 100 0 slo | ||
| 015 | |a SNBS2013 | ||
| 020 | |a 9788080754549 |q (elektronická kniha) | ||
| 040 | |a SNK |b slo |c SNK |e AACR2 | ||
| 041 | 0 | |a slo |a eng |a cze | |
| 044 | |a xo |c SK | ||
| 072 | 7 | |a 623 |x Vojenská technika |2 konspekt | |
| 080 | |a 623 |2 2001 | ||
| 080 | |a (062.534) |2 2001 | ||
| 080 | |a (0.034.44) |2 2001 | ||
| 111 | 2 | |a International Conference on Military Technologies |d (2010 : |c Bratislava, Slovensko) |9 155288 | |
| 245 | 1 | 0 | |a ICMT'10 - IDEB'10 |h elektronický zdroj |b medzinárodná konferencia pre vojenskú techniku 2010 : medzinárodná konferencia pre špeciálnu techniku 2010, Bratislava, 5. máj 2010, elektronický zborník prednášok |c [editor Emil Golian] |
| 246 | 3 | 0 | |a International conference on military technologies 2010 |
| 246 | 3 | 0 | |a International conference on special technologies 2010 |
| 246 | 1 | 1 | |a ICMT'10 - IDEB'10 |b international conference on military technologies 2010 : international conference on special technologies 2010 : proceedings of reviewed papers, Bratislava, 5. May 2010 |
| 246 | 3 | 0 | |a Medzinárodná konferencia pre vojenskú techniku 2010 |
| 246 | 3 | 0 | |a Medzinárodná konferencia pre špeciálnu techniku 2010 |
| 246 | 3 | 0 | |a IDEB'10 |
| 250 | |a [1. vyd.] | ||
| 260 | |a Trenčín |b Trenčianska univerzita Alexandra Dubčeka, Fakulta špeciálnej techniky |c 2010 | ||
| 300 | |a 1 elektronický optický disk (CD-ROM) |b fotogr., grafy, sch., tab. |c 12 cm | ||
| 500 | |a Názov z titulnej obrazovky | ||
| 516 | |a Textový dokument (zborník), súbory vo formáte pdf | ||
| 530 | |a Vydané aj v tlačenej forme | ||
| 538 | |a Technické požiadavky: PDF prehliadač | ||
| 546 | |a Text príspevkov čiast. slov., angl., čes.; Spriev. text aj v angl. | ||
| 650 | 0 | 7 | |a vojenská technika |2 SNKPH |9 29297 |
| 650 | 0 | 7 | |a špeciálna technika |2 SNKPH |9 404895 |
| 650 | 0 | 7 | |a Military engineering |2 SNKPHeng |9 312884 |
| 650 | 0 | 7 | |a Special technique |2 SNKPHeng |9 484745 |
| 655 | 7 | |a elektronické zdroje |2 SNKPH |9 90954 | |
| 655 | 7 | |a CD-ROM |2 SNKPH |9 70236 | |
| 655 | 7 | |a zborníky konferencií |2 SNKPH |9 70153 | |
| 655 | 7 | |a Electronic resources |2 SNKPHeng |9 175546 | |
| 655 | 7 | |a Proceedings of conferences |2 SNKPHeng |9 265791 | |
| 700 | 1 | |a Golian, Emil |4 edt |9 415785 | |
| 711 | 2 | |a International Defence Exhibition Bratislava |d (2010 : |c Bratislava, Slovensko) |4 aut |9 155289 | |
| 776 | 1 | |t ICMT'10 - International Conference on Military Technologies 2010 |w vtls010316486 | |
| 919 | |a 978-80-8075-454-9 | ||
| 999 | |c 920932 |d 922862 | ||
| 952 | |a SNK |b SNK |y PREZ |7 0 |p 17A0685555 |o snkSCDM 3428 |i snk2011/1036 |8 0 |0 0 |1 0 |4 0 |d 2011-01-17 |l 0 |r 2026-02-24 08:14:50 |w 2026-02-24 | ||
| 952 | |a SNK |b SNK |y PREZ |7 0 |p 17A0685556 |o snkSCDM 3428 D1 |i snk2011/1037 |8 0 |0 0 |1 0 |4 0 |d 2011-01-17 |l 0 |r 2026-02-24 08:14:50 |w 2026-02-24 | ||


